He-Man Villains - Statistics

General Stats
  • This quiz has been taken 31 times
  • The average score is 7 of 11
Answer Stats
Picture Answer % Correct
Skeletor
100%
Beast Man
96%
Evil-Lyn
91%
Trap Jaw
91%
Hordak
74%
Tri-Klops
57%
Two-Bad
57%
Kobra Khan
52%
Grizzlor
48%
Faker
39%
Scare Glow
30%
No matching quizzes found
Score Distribution
Percent of People with Each Score
Percentile by Number Answered
Your Score History
You have not taken this quiz